Music Quiz

Random Music or Clickable Quiz

50 Hits To Click: 1993 Quiz Stats

 Plays Quiz Updated Aug 18, 2017

Challenge
Share
Tweet
Embed
Score 0/50 Timer 07:00
10 Plays Today
% Correct
Woman
87.6%
World
86.7%
Told
86%
You
85.2%
Miles
85.1%
Bed
85%
Night
84.9%
Wants
84.5%
Edge
84.3%
Deeper
84.2%
Cradle
83.9%
Goes
82.6%
Insane
77%
Pigs
75.7%
Princes
73.4%
Whoot
72.8%
Forgive
71.6%
Crying
71.1%
Runaway
70.4%
Good
62.1%
River
60%
Shake
59.6%
Ordinary
58.8%
Hooray
58.4%
There
58.3%
% Correct
Rain
58.2%
Bad
57.2%
Sad
57%
Nature
54.4%
Wendal
52.2%
She
50.4%
Yours
46.9%
Knockin'
46.3%
Dazzey
44.7%
Around
44.3%
Loose
40.6%
Man
37.8%
Day
37.7%
Fight
36%
Forever
35.1%
Hotel
34.6%
Freak
34.5%
Kickin'
30.6%
Loot
27.2%
Sex
26.1%
Cry
25.2%
Slick
24.2%
Away
23.1%
Patient
22.1%
Lean
18.9%

You're not logged in!

Compare scores with friends on all Sporcle quizzes.
OR
Log In

You Might Also Like...

Show Comments

Extras

Top Quizzes Today


Score Distribution

Your Account Isn't Verified!

In order to create a playlist on Sporcle, you need to verify the email address you used during registration. Go to your Sporcle Settings to finish the process.

Report this User

Report this user for behavior that violates our Community Guidelines.

Details: